Priemyselné parky a ich vplyv na znižovanie nezamestnanosti bakalárska práca

Gespeichert in:
Bibliographische Detailangaben
1. Verfasser: Matis, Michal
Körperschaft: Národohospodárska fakulta EU. Katedra hospodárskej politiky
Weitere Verfasser: Vidová, Jarmila, 1967-
Format: Buch
Sprache:Slowakisch
Veröffentlicht: Bratislava 2018
Tags: Tag hinzufügen
Keine Tags, Fügen Sie das erste Tag hinzu!

MARC

LEADER 00000nbm a2200000 4500
001 0245800
005 20181214083123.3
041 0 |a slo 
044 |a SK 
245 1 0 |a Priemyselné parky a ich vplyv na znižovanie nezamestnanosti  |b bakalárska práca  |c Michal Matis ; školiteľ: Jarmila Vidová 
264 1 |a Bratislava  |c 2018 
300 |a 52 s. 
100 1 |a Matis, Michal 
700 1 |a Vidová, Jarmila, 1967- 
710 2 |a Národohospodárska fakulta EU. Katedra hospodárskej politiky